Bilecik Bilecik Bilecik Bilecik Bilecik

French Practice Book: rules and exercises for intermediate french in high schools, junior colleges and colleges/ (Record no. 34398)

MARC details
000 -BAŞLIK
Sabit Uzunluktaki Kontrol Alanı 00862nam a22002777a 4500
001 - KONTROL NUMARASI
Control Dosyası 0034487
003 - KONTROL NUMARASI KİMLİĞİ
Kontrol Alanı KOHA_MİRAKIL
005 - EN SON İŞLEM TARİHİ ve ZAMANI
Kontrol Alanı 20260207002920.0
007 - FİZİKSEL TANIM SABİT ALAN - GENEL BİLGİ
Sabit uzunluklu kontrol alanı ta
008 - SABİT UZUNLUKTAKİ VERİ ÖGELERİ - GENEL BİLGİ
Sabit Alan 111221b fr |||gr||||#||||1|fre |
040 ## - KATALOGLAMA KAYNAĞI
Özgün Kataloglama Kurumu TR-BiSEU
Kataloglama Dili tur
Çeviri Kurumu TR-BiSEU
Açıklama Kuralları rda
041 0# - DİL KODU
Metin ya da ses kaydının dil kodu fre
044 ## - YAYINLAYAN/ÜRETEN KURULUŞUN ÜLKE KODU
ISO country code fr
050 ## - SINIFLAMA ve YER NUMARASI
Sınıflama Numarası PC2112
Yer Numarası .P37 1940
100 1# - KİŞİ ADI
Yazar Adı (Kişi adı) Parker, Clifford S..
245 1# - ESER ADI BİLDİRİMİ
Başlık French Practice Book: rules and exercises for intermediate french in high schools, junior colleges and colleges/
Sorumluluk Bildirimi Clifford S. Parker ; Clifford S.Parker.
250 ## - BASIM BİLDİRİMİ
Basım Bildirimi 1940
264 #1 - ÜRERİM, YAYIN, DAĞITIM ve TELİF BİLDİRİMİ
Yayın yeri Boston :
Yayınlayan Heat and Company
300 ## - FİZİKSEL TANIMLAMA
Sayfa, Cilt vb. 287 s. ;
Boyutları 21 cm.
336 ## - İÇERİK TÜRÜ
Content type term metin
Content type code txt
Source rdacontent
337 ## - MEDYA TÜRÜ
Media type term aracısız
Media type code n
Source rdamedia
338 ## - TAŞIYICI TÜRÜ
Carrier type term cilt
Carrier type code nc
Source rdacarrier
650 #0 - KONU BAŞLIĞI EK GİRİŞ - KONU TERİMİ
Konusal terim veya coğrafi ad Fransızca--dilbilgisi.
9 (RLIN) 66529
650 #0 - KONU BAŞLIĞI EK GİRİŞ - KONU TERİMİ
Konusal terim veya coğrafi ad Fransızca--dilbilgisi.
9 (RLIN) 66529
942 ## - EK GİRİŞ ÖGELERİ (KOHA)
Source of classification or shelving scheme Library of Congress Classification
Koha item type Book
Holdings
Materyal Türü Kalıcı Konum Mevcut Konum Raf Yeri Sınıflandırma Kaynağı Edinim Bilgisi Ana Konular Alt Konular Yer Numarası Demirbaş Numarası Fatura Tarihi Maliyet, Alış Fiyatı Maliyet, Yenileme Fiyatı Geri Çekilme Durumu Kayıp Durumu Hasarlı Durumu Kredi için değil Kayıt Tarih Toplam Ödünçverme Son Görülme Tarihi Son Kontrol Tarihi Genel / Bağış Notu
Book Prof. Dr. Azmi Özcan Kütüphanesi Prof. Dr. Azmi Özcan Kütüphanesi Birûni Salonu Library of Congress Classification Bağış DİL VE EDEBİYAT Roman Dilleri PC2112 .P37 1940 0034487 02/02/2026 1.00 1.00         21/12/2011   05/12/2024 05/12/2024 Genel Bağış